| 000 | 01235 a2200253 4500 | ||
|---|---|---|---|
| 003 | Nust | ||
| 005 | 20170207154018.0 | ||
| 010 | _a 2001026945 | ||
| 020 | _a0471417777 (cloth : alk. paper) | ||
| 040 | _cNust | ||
| 082 | 0 | 0 | _a621.39/5 |
| 100 | 1 | _aKuo, James B., | |
| 245 | 1 | 0 |
_aLow-voltage SOI CMOS VLSI devices and circuits-(E-BOOK) _cJames B. Kuo, Shih-Chia Lin. |
| 260 |
_aNew York : _bWiley, _cc2001. |
||
| 300 |
_axiv, 407 p. : _bill. ; _c25 cm. |
||
| 505 | _a1 Introduction (Page-1) 2 SOI CMOS Devices-Part I (Page-13) 3 SOI C’OS Devices-Part II (Page-129) 4 Fundamentals of SOI CMOS Circuits (Page-213) 5 SOI CMOS Digital Circuits(Page- 269) 6 SOI CMOS Analog Circuits (Page-333) 7 PD SOI-Technology SPICE Models (Page-377) | ||
| 650 | 0 |
_aIntegrated circuits _xVery large scale integration. |
|
| 650 | 0 | _aLow voltage integrated circuits. | |
| 650 | 0 | _aMetal oxide semiconductors, Complementary. | |
| 700 | 1 | _aLin, Shih-Chia. | |
| 856 | 4 | 2 |
_3Contributor biographical information _uhttp://www.loc.gov/catdir/bios/wiley043/2001026945.html |
| 856 | 4 | 2 |
_3Publisher description _uhttp://www.loc.gov/catdir/description/wiley035/2001026945.html |
| 856 | 4 | 2 |
_3Table of Contents _uhttp://www.loc.gov/catdir/toc/onix06/2001026945.html |
| 942 |
_2ddc _cBK |
||
| 999 |
_c191550 _d191550 |
||